|
000
|
01545oam2 22003131 450
|
|
001
|
0102122928
|
|
005
|
20191102122928.0
|
|
010
|
|
@a978-7-5641-7778-2@dCNY50.00
|
|
100
|
|
@a20181207d2018 em y0chiy0121 ea
|
|
101
|
0
|
@achi
|
|
102
|
|
@aCN@b320000
|
|
105
|
|
@aak a 000yy
|
|
106
|
|
@ar
|
|
200
|
1
|
@a生态养生型美丽乡村建设技术@Asheng tai yang sheng xing mei li xiang cun jian she ji shu@f傅大放, 闵鹤群, 朱腾义著
|
|
210
|
|
@a南京@c东南大学出版社@d2018.06
|
|
215
|
|
@a157页@c图@d24cm
|
|
225
|
2
|
@a美丽乡村建设关键技术丛书@Amei li xiang cun jian she guan jian ji shu cong shu
|
|
300
|
|
@a国家科技支撑计划项目 “长三角快速城镇化地区美丽乡村建设关键技术综合示范”研究成果
|
|
320
|
|
@a有书目 (第156-157页)
|
|
330
|
|
@a本书基于国家科技支撑计划项目《长三角快速城镇化地区美丽乡村建设关键技术综合示范》的相关研究成果, 基于美丽乡村建设政策和建设现状, 以实现乡村生态养生功能为目标, 利用国内外在生态景观环境养生方面的研究经验, 针对目前我国人口老龄化加剧、城市人口向农村的逆向流动、美丽乡村建设中出现的自然生态破坏退化等情况, 从乡村养生的角度首次系统介绍了空间、植物、铺装、水体、小品等建设要素, 给出了农房改造、水系整治、污水处理、景观营造、节能降噪等建设措施, 并列举了相关典型案例。
|
|
410
|
0
|
@12001@a美丽乡村建设关键技术丛书
|
|
606
|
0
|
@a农村@Anong cun@x社会主义建设@x研究@y中国
|
|
690
|
|
@aF320@v5
|
|
690
|
|
@aF320.3@v5
|
|
701
|
0
|
@a傅大放@Afu da fang@4著
|
|
701
|
0
|
@a闵鹤群@Amin he qun@4著
|
|
701
|
0
|
@a朱腾义@Azhu teng yi@4著
|
|
801
|
0
|
@aCN@b人天书店@c20181207
|
|
905
|
|
@aCKNYKJZYXY@b300591081-3@dF320@e55@f3
|
|
|
|
|
| |
| 生态养生型美丽乡村建设技术/傅大放, 闵鹤群, 朱腾义著.-南京:东南大学出版社,2018.06 |
| 157页:图;24cm.-(美丽乡村建设关键技术丛书) |
| 国家科技支撑计划项目 “长三角快速城镇化地区美丽乡村建设关键技术综合示范”研究成果 |
| |
| ISBN 978-7-5641-7778-2:CNY50.00 |
| 本书基于国家科技支撑计划项目《长三角快速城镇化地区美丽乡村建设关键技术综合示范》的相关研究成果, 基于美丽乡村建设政策和建设现状, 以实现乡村生态养生功能为目标, 利用国内外在生态景观环境养生方面的研究经验, 针对目前我国人口老龄化加剧、城市人口向农村的逆向流动、美丽乡村建设中出现的自然生态破坏退化等情况, 从乡村养生的角度首次系统介绍了空间、植物、铺装、水体、小品等建设要素, 给出了农房改造、水系整治、污水处理、景观营造、节能降噪等建设措施, 并列举了相关典型案例。 |
| ● |
正题名:生态养生型美丽乡村建设技术
索取号:F320/55
 
预约/预借
| 序号
|
登录号
|
条形码
|
馆藏地/架位号
|
状态
|
备注
|
|
1
|
591081
|
300591081
|
柳城-5楼/11架3列5层/
[索取号:F320/55]
|
在馆
|
|
|
2
|
591082
|
300591082
|
柳城-5楼/11架3列5层/
[索取号:F320/55]
|
在馆
|
|
|
3
|
591083
|
300591083
|
柳城-5楼/11架3列5层/
[索取号:F320/55]
|
在馆
|
|